[Event "Politiken Cup 30th"]
[Site "Helsingor"]
[Date "2008.07.27"]
[Round "10"]
[White "Kogan, Artur"]
[Black "Tiviakov, Sergei"]
[Result "0-1"]
[WhiteElo "2569"]
[BlackElo "2546"]
[Annotator "Tiviakov,S"]
[PlyCount "85"]
[EventDate "2008.07.19"]
[EventType "swiss"]
[EventRounds "10"]
[EventCountry "DEN"]
[SourceTitle "CBM 125"]
[Source "ChessBase"]
[SourceDate "2008.07.30"]
[SourceVersion "1"]
[SourceVersionDate "2008.07.30"]
[SourceQuality "1"]

{This game from the last round of the Politiken Cup was very important. Having
half a point less than both B. Savchenko and Y. Kuzubov I had to win this game
in order to try to fight for the 1st place. And I was in a fighting mood!!!
Like in the last round of the European Indvidual Championship in Plovidv which
I also had to win to become European Champion.} 1. d4 Nf6 2. c4 e6 3. Nf3 b6 4.
g3 {It was very difficult to guess the opening since Artur plays lot of
different lines.} c6 $5 {Besides this move I can also play 4...Be7, 4...Bb4+,
4...Bb7 and 4...Ba6.} 5. Bg2 d5 6. O-O Be7 7. Nc3 Bb7 8. Nd2 {Besides this
move, a lot of other approaches have been tried against me in the previous
games. The plan with Nf3-d2 was first tried by Levon Aronian in Wijk aan Zee
against me.} (8. b3 O-O 9. Ne5 Nbd7 10. Bf4 Nxe5 11. Bxe5 Rc8 12. Qd3 Nd7 13.
Bf4 c5 14. cxd5 cxd4 15. Nb5 e5 16. d6 Nc5 17. dxe7 Qxe7 18. Qf5 Bxg2 19. Kxg2
exf4 20. Nxd4 fxg3 21. hxg3 Ne6 22. Nxe6 Qxe6 23. Qxe6 fxe6 24. Rac1 Kf7 25.
Kf3 Kf6 26. a4 h5 27. Rh1 {1/2-1/2 Ehlvest,J-Tiviakov,S/Moscow (Russia) 1992 
(27)}) (8. Ne5 Nfd7 (8... O-O 9. e4 dxc4 10. Nxc4 Ba6 11. b3 b5 12. Ne5 b4 13.
Ne2 Bxe2 14. Qxe2 Qxd4 15. Bb2 Qb6 16. Nc4 Qb5 17. Bxf6 Bxf6 18. e5 Be7 {
1/2-1/2 Brodsky,M-Tiviakov,S/Port Erin (Isle of Man) 2005 (18)}) 9. Nxd7 Qxd7
10. b3 Ba6 11. cxd5 cxd5 12. Re1 f5 13. f3 Nc6 14. e4 dxe4 15. fxe4 Qxd4+ 16.
Be3 Qxc3 17. Rc1 Qa5 18. Rxc6 O-O 19. Rc7 Rad8 20. Qc1 Ba3 21. Qa1 Bb2 {
0-1 Ayyad,M-Tiviakov,S/Taiz 2004 (21)}) (8. Bf4 O-O 9. Ne5 Nh5 10. Qa4 Bd6 11.
Rfd1 Nxf4 12. gxf4 f6 13. Nd3 f5 14. Ne5 Kh8 15. e3 Bxe5 16. dxe5 Nd7 17. cxd5
cxd5 18. Rac1 Nc5 19. Qd4 g5 20. Nb5 gxf4 21. Qxf4 Rg8 22. Nd6 Qe7 23. b4 Rg4
24. Qxg4 fxg4 25. bxc5 bxc5 26. Rxc5 Ba6 27. Rd4 Rb8 28. Rc1 Rf8 29. Rxg4 Bd3
30. Rf4 Rxf4 31. exf4 Bg6 32. Re1 Qf8 33. Bh3 Qxf4 34. Bxe6 d4 35. Bb3 d3 {
0-1 L'Ami,E-Tiviakov,S/Hilversum 2006/CT-2061 (35)}) (8. cxd5 cxd5 9. Qa4+ Nfd7
10. Bf4 a6 11. Rfc1 O-O 12. Qd1 b5 13. a4 b4 14. Nb1 Nc6 15. Nbd2 Qb6 16. a5
Qa7 17. Nb3 Rac8 18. Rc2 Ncb8 19. Rac1 Rxc2 20. Rxc2 Bc6 21. Bxb8 Nxb8 22. Qc1
Bb7 23. Ne5 Bd6 24. Bh3 Ba8 25. e3 Qe7 26. Nd3 Qe8 27. Ndc5 Bxc5 28. Nxc5 e5
29. dxe5 Qxe5 30. Bg2 Qf5 31. Nb3 Qd7 32. Nd4 Qd6 33. Bh3 Nd7 34. Rc8 Bb7 35.
Rc7 {1-0 Korchnoi,V-Tiviakov,S/Banyoles 2006/CT-2119 (35)}) (8. Qd3 O-O 9. Rd1
Nbd7 10. b3 Qc7 11. Bf4 Bd6 12. e3 Rad8 13. cxd5 Nxd5 14. Bxd6 Qxd6 15. Rac1
Qe7 {1/2-1/2 Bruzon Batista,L-Tiviakov,S/Havana 2008 (15)}) 8... O-O 9. e4 Na6
$5 ({My favourite move which I employ in lot of different positions of the
Queen's Indian Defence and Catalan. It is also possible to win the pawn by} 
9... dxc4 10. Nxc4 Ba6 11. b3 b5 12. Ne3 b4 13. Ne2 Bxe2 14. Qxe2 Qxd4 15. Bb2
Qb6 16. Nc4 Qb5 17. Bxf6 Bxf6 18. e5 Be7 {The resulting position is equal,
since White has strong compensation for the sacrificed pawn.} 19. Rad1 a5 20.
Be4 Ra7 21. h4 Nd7 22. h5 Nxe5 23. Qe3 Ng4 24. Qxa7 Qxh5 25. Kg2 Bc5 26. Qxa5
Qh2+ 27. Kf3 Bxf2 28. Rd8 Qxg3+ 29. Ke2 Bc5 30. Rxf8+ Bxf8 31. Qa7 Qh2+ 32. Kd1
f6 33. Qd7 Nf2+ 34. Ke1 Nxe4 35. Qxe6+ Kh8 36. Qxe4 Qxa2 37. Qe8 Kg8 38. Rf3
Qb1+ 39. Kf2 c5 40. Qe6+ Kh8 41. Ne5 h6 42. Nd7 Qc2+ 43. Qe2 {1-0 Aronian,
L-Tiviakov,S/Wijk aan Zee 2007/CT-2274 (43)}) 10. e5 (10. Re1 {was a quick
draw: 1/2-1/2 Pantsulaia,L-Tiviakov,S/Plovdiv 2008 (10)}) 10... Nd7 11. cxd5
$146 ({This move is new... But sooner or later White has to exchange on d5
since refraining from it gives Black extra possibilities of counter-play by
c6-c5.} 11. a3 Nc7 12. Re1 Re8 (12... c5 $5) ({and} 12... a5 $5 {deserve
serious attention}) 13. Rb1 a5 14. b4 axb4 15. axb4 Ra7 16. cxd5 Nxd5 17. Nxd5
cxd5 18. b5 Nf8 19. h4 Bc8 20. Nf3 Bd7 21. Bf1 Qa8 22. Bg5 Bxg5 23. hxg5 Rc8
24. Rc1 Ra3 {1/2-1/2 Dorfman,J-Bischoff,K/Bad Wiessee 1999/EXT 2001 (24)})
11... cxd5 12. Nf3 (12. f4 $5 $13 {was another interesting plan to develop the
attack on the kingside.}) 12... Nc7 {My favourite type of the position has
appeared on board. Where White has to develop the attack on the kingside.
Black in his turn is trying to create counter-play on the queenside by pushing
the b- and a-pawns. All of this gives the game a sharp and creative touch.} 13.
Re1 ({The immediate} 13. h4 $5 {was worth trying...}) 13... b5 14. h4 ({After} 
14. a3 a5 15. Ne2 a4 {White is not able to close down the play on the
queenside. Sooner or later Black plays b5-b4 with counter-play.}) 14... b4 15.
Ne2 a5 16. Bg5 ({I would have kept the dark-squared bishops since the bishop
c1 can be very useful defending the black squares such as c3. Later we see
that because of the weakness of the square c3 White lost...} 16. Ng5 $5 {
was an alternative to the text.}) 16... Ba6 17. Qc2 (17. Rc1 $5 {deserved
serious attention.}) 17... Nb6 ({Here I spent lot of time choosing what to do.
It is safer to keep the black knights where they are where they can be helpful
in the defence. But in order to try to win I had to play actively trying to
create the weakness on the queen's side and later entering through them by the
knights.} 17... Rc8 $5) ({or} 17... Re8 $5 {were also worth trying.}) 18. Bxe7
Qxe7 19. Ng5 g6 20. Nf4 ({or} 20. Rac1 Rfc8 {with good play for Black}) 20...
Rac8 21. Rad1 (21. Rac1 $11 {with approximately equal chances was also
possible.}) 21... a4 {Starting from here I began to realise that I was making
much more progress in creating play than my opponent. I need just one more
move (a4-a3) to create a weak square on c3 - a gateway for the black knight on
c7.} 22. Qb1 ({The computer recommends} 22. Qc5 {but after} Qxc5 23. dxc5 Nd7
24. Ne4 $15 {it is only White who can be worse.}) 22... Nc4 23. Bf1 $6 ({
A critical moment of the game. It took a huge amount of time for Artur to make
this move. But it is a mistake. White should have tried to prevent the black
knight on c7 from entering the game via b5.} 23. Nh5 Ne8 24. Nf4 {was
necessary, when the game remains unclear after} a3 (24... Nc7 $11) 25. b3 Nb2
26. Rc1 $13 (26. Rd2 Nc7 $15 27. Nh5 h6 28. Nf6+ Kg7 29. Nh3 Ne8 $15 {is
slightly better for Black.})) 23... a3 24. Nh5 $2 ({As it often happens one
mistake is followed by another...} 24. Bxc4 Bxc4 25. b3 Ba6 $15 {with slightly
better for chances for Black should have been played.}) ({Please note that} 24.
b3 Nb2 $17 {is bad for White. The knight on b2 is too strong.}) 24... Nxb2 {
Now the game becomes very sharp... but it is Black who has the upper hand.
Bearing in mind the fact that it was White who had little time from now on,
this meant that White was doomed.} 25. Nf6+ Kg7 26. Bxa6 Nxa6 27. Ngxh7 Rh8 ({
As computer analysis indicates there was another way for Black to get a
decisive advantage:} 27... Nxd1 $5 28. Qxd1 (28. Nxf8 Nc3 29. Qd3 Nb8 30. N8h7
Rh8 31. Ng5 Nxa2 32. h5 Nc3 33. hxg6 fxg6 34. Qf3 Na6 $19) 28... Rh8 29. Ng5
Nc7 30. Re3 (30. h5 Ne8 31. hxg6 fxg6 32. Qg4 Rc6 $19) 30... Nb5 31. Qg4 Nc3
$19) 28. Rc1 Rxc1 29. Rxc1 ({White loses also after} 29. Qxc1 Nd3 30. Qg5 Rxh7
31. Re3 Nc1 $19) 29... b3 $2 ({During and immediately after the game I was
very proud of this move, creating a passed pawn a. But in fact it is a serious
mistake.} 29... Rxh7 {leads only to a draw after} 30. Rc8 Rh8 31. Rxh8 Kxh8 32.
Qc1 Qf8 (32... Kg7 33. Qc8 Qf8 34. Qxa6 Nd1 $11) 33. Nd7 Qg8 34. Qh6+ Qh7 35.
Qf8+ Qg8 36. Qh6+ $11) ({But} 29... Qa7 $1 $19 {attacking the pawn d4 could
have brought the game to a quick conclusion.}) 30. Rc3 $2 $138 ({With only a
few seconds left on the clock (although there were 30 seconds added after each
move) it was practically impossible to find a move saving the game.} 30. h5 $3
bxa2 (30... Nb4 31. Rc3 bxa2 32. Qc1 Rd8 33. Rxa3 N2d3 34. h6+ Kh8 35. Qd2 $13)
31. Qxa2 Nc4 32. hxg6 fxg6 33. Ng5 Nc7 34. Rb1 Ne8 $13) 30... bxa2 31. Qxa2 Nc4
32. Ng5 Rb8 $6 (32... Qb4 33. Rb3 Qe1+ 34. Kg2 Nb4 $19 {was winning on a spot.
The text move gives White chances to save the game again.}) 33. Qe2 $2 ({
The decisive mistake.} 33. Rb3 $15 {could have offered some resistance.}) 33...
Rb2 34. Nh5+ Kf8 ({or} 34... Kh6 $19 {winning}) 35. Nh7+ Ke8 36. Qd1 Qb4 $19 {
The black king is no longer in danger. And the passed pawn a3 decides the game.
} 37. Ng7+ Kd8 38. Qf3 a2 39. Qxf7 a1=Q+ 40. Kg2 Rxf2+ 41. Qxf2 Qab2 42. Nxe6+
Ke7 43. Rxc4 {The win in this very interesting complex sharp game allowed me
to share the 1st - 6th place and win the tournament on a better tie-break.} 0-1

[Event "Brussels"]
[Site "Brussels"]
[Date "1987.04.15"]
[Round "5"]
[White "Winants, Luc"]
[Black "Karpov, Anatoly"]
[Result "1/2-1/2"]
[WhiteElo "2415"]
[BlackElo "2710"]
[Annotator "Winants,L"]
[PlyCount "123"]
[EventDate "1987.04.10"]
[EventType "tourn"]
[EventRounds "11"]
[EventCountry "BEL"]
[EventCategory "14"]
[SourceTitle "CBM 002"]
[Source "ChessBase"]
[SourceDate "1988.02.01"]
[SourceVersion "1"]
[SourceVersionDate "1988.02.01"]
[SourceQuality "1"]

1. d4 Nf6 2. c4 e6 3. Nf3 Bb4+ 4. Bd2 a5 5. g3 b6 6. Bg2 Bb7 7. O-O O-O 8. Bf4
(8. Bg5) 8... Be7 9. Qc2 d5 $146 (9... c5 10. Nc3 (10. dxc5 $1) 10... cxd4 11.
Nxd4 Bxg2 12. Kxg2 Qc8 $1 13. b3 Nc6 14. Ndb5 d5 15. cxd5 Nb4 $36 {Timman,
J-Kortschnoj,V / Hilversum 1982, Match (2)}) 10. Ne5 Qc8 $5 11. Nc3 dxc4 12. e4
$1 Nc6 13. Nxc6 Bxc6 14. d5 Bb7 (14... exd5 15. Nxd5 Nxd5 16. exd5 Bb7 17. Rfd1
$16 {[%csl Rc7]}) 15. Rad1 $2 (15. Bh3 $16) 15... exd5 $1 16. e5 $5 (16. Nxd5
Nxd5 17. exd5 Bd6) (16. exd5 Rd8 {[%csl Rd5][%cal Ye7b4]} 17. a3 Bd6 18. Bg5
Be5 $11) 16... Nh5 17. Nxd5 Bxd5 18. Bxd5 c6 19. Bf3 Nxf4 20. gxf4 Qe6 $5 (
20... b5 $5 21. Qe4 $44) 21. Qe4 g6 22. Qxc6 Qxc6 23. Bxc6 Rac8 24. Bb5 c3 25.
bxc3 Rxc3 26. Rd7 Ba3 27. Rfd1 Rfc8 28. Kg2 R8c5 29. Be2 (29. e6 $2 Rxb5 (29...
fxe6 $4 30. Rd8+ Kg7 31. R1d7+ Kh6 32. Rh8 Kh5 33. Be2+ Kh4 34. Rdxh7+ Rh5 35.
Rxh5+ gxh5 36. Rxh5#) 30. Rxf7 Rc8 31. Rdd7 Bb2 $19) 29... Rc7 30. e6 $5 $11
fxe6 31. Bg4 Kf8 32. Bxe6 Be7 33. f5 b5 34. Rxc7 Rxc7 35. Rd5 Rb7 36. Rd7 Rb6
37. Ra7 a4 38. Kf3 a3 39. Ke4 b4 40. f3 gxf5+ 41. Kxf5 Rb5+ 42. Ke4 Rh5 43. h3
Bd6 44. Kd3 Re5 45. Bb3 Be7 46. Rb7 Re1 (46... Kg7 $2 47. f4 Re1 48. Kd2) 47.
f4 h5 48. Rb5 h4 49. Rb7 Rf1 $6 50. Ke4 $1 Rh1 51. Be6 Re1+ 52. Kf5 Bc5 53. Rb5
Bd6 54. Rb6 Rd1 55. Kg5 Be7+ 56. Kf5 Rc1 57. Kg6 Rg1+ 58. Kf5 $2 (58. Bg4 $1
$16) 58... Bc5 59. Rb5 Rc1 60. Rb7 Rf1 61. Kg6 Rxf4 62. Rf7+ 1/2-1/2

[Event "Olympiad-42"]
[Site "Baku"]
[Date "2016.09.13"]
[Round "11.1"]
[White "Wojtaszek, Radoslaw"]
[Black "Vallejo Pons, Francisco"]
[Result "1-0"]
[WhiteElo "2736"]
[BlackElo "2716"]
[Annotator "Wojtaszek,R"]
[PlyCount "73"]
[EventDate "2016.09.02"]
[EventType "team-swiss"]
[EventRounds "11"]
[EventCountry "AZE"]
[SourceTitle "CBM 175"]
[Source "ChessBase"]
[SourceDate "2016.11.10"]
[SourceVersion "1"]
[SourceVersionDate "2016.11.10"]
[SourceQuality "1"]
[WhiteTeam "Poland"]
[BlackTeam "Spain"]
[WhiteTeamCountry "POL"]
[BlackTeamCountry "ESP"]

{The game was played during the last round of the Olympiad. After having
rather disappointing tournament we wanted to at least finish it with the win
which would guarantee us the place in the Top-10.} 1. d4 e6 2. c4 Nf6 3. Nf3 b6
4. g3 Bb4+ {First surprise although I expected my opponent to play some
sideline to get me out of book.} ({During the European Championship he played
another less-known line:} 4... c6 $5 5. Bg2 d5 6. O-O Be7 7. Bf4 O-O 8. Qc2 Bb7
9. Rd1 Nh5 10. Bc1 Nf6 11. Ne5 Qc8 12. Nc3 {with a nice advantage.}) 5. Bd2
Bxd2+ 6. Qxd2 Bb7 7. Bg2 O-O 8. Nc3 Ne4 9. Qd3 f5 $5 {This was the real
surprise for me - I knew this move existed but I'd never paid enough attention
to it.} ({The only move I had prepared was} 9... Nxc3 10. Ng5 Ne4 11. Nxe4 d5
12. cxd5 exd5 13. Nc3 {with a pleasant position.}) 10. Ne5 $5 (10. O-O Nxc3 11.
Qxc3 d6 {and it would be difficult to pose any problems here - Black's
position is very solid.}) 10... Nc5 11. dxc5 Bxg2 12. Rg1 Bc6 13. O-O-O Qe7 14.
Qd4 $5 {It took me some time to understand that this will be the only
challenging move.} ({The simple alternative didn't offer anything} 14. Nxc6
dxc6 15. cxb6 axb6 16. a3 Na6 17. Qd7 Qxd7 18. Rxd7 Rac8 $1 $11) 14... Na6 $1 (
{The main point of Qd4 was of course that Black can't take the pawn:} 14...
bxc5 $2 15. Nxc6 $1 dxc6 16. Qe5 $16) 15. cxb6 axb6 16. g4 $5 {Entering big
complications, but I didn't really have a choice.} (16. Qh4 Rfe8 17. Qxe7 Rxe7
$11) 16... Nc5 17. gxf5 $1 Rxa2 $1 {The only move to stay in the game.} (17...
exf5 $6 18. Nd5 Bxd5 19. Qxd5+ Kh8 20. Rg3 $1 $36 {with the unpleasant threat
of 21.Ng6+!.}) 18. Kc2 $1 Ba4+ (18... Raa8 $2 19. b4 $1 {this unusual move
would guarantee a big advantage.}) 19. Nxa4 Nxa4 $6 {Funnily, that was the
only move I calculated but Black has a strong alternative:} (19... Rxa4 $1 {
and White has nothing better than an equal ending after} 20. Nxd7 Nxd7 21. Qxd7
Rxc4+ $1 22. Kb1 Qxd7 23. Rxd7 Rf7 $1 24. fxe6 Rxd7 25. exd7 Rd4 $11) 20. Nd3
$16 {I calculated till this position when I played 16.g4. White is better but
of course the position is very dynamic.} c5 $6 (20... e5 21. Qd5+ Kh8 22. c5 $1
e4 $8 23. Qxa2 exd3+ 24. exd3 Qxc5+ 25. Kb1 $16) 21. f6 $6 {I thought this was
very clever but in fact it almost spoils the whole advantage...} (21. Qe5 $1
Rxf5 22. Qc7 {I saw this move but somehow I missed that after} Qf6 23. Qc8+ Kf7
{I have the simple} 24. Ne5+ $1 {with mate to follow.}) 21... Rxf6 22. Qe4 $6 (
22. Qh4 $1 {would keep the advantage but it was difficult to make such a move
as the queen on h4 looks rather misplaced} b5 23. Kb1 Rxb2+ 24. Nxb2 Nc3+ 25.
Kc2 Nxd1 26. Nxd1 bxc4 27. Qxc4 $16) 22... b5 23. Kb3 $6 {After this I'm not
better anymore.} ({The last chance was} 23. Qb7 $1 bxc4 24. Kb1 Rxb2+ 25. Nxb2
Nc3+ 26. Kc2 Nxd1 27. Nxd1 {but here} Rf7 $1 {and ...d5 next gives Black good
drawing chances.}) 23... d5 $1 24. Qe5 Rf5 25. Qb8+ ({I was hoping for} 25.
Rxg7+ $6 {but} Qxg7 26. Qxe6+ Qf7 $1 27. Rg1+ Kh8 28. Qc8+ Qf8 29. Qxf8+ Rxf8 {
and it's rather bad for me} 30. Kxa2 bxc4 $17) 25... Rf8 26. Qe5 Rf5 27. Qb8+
Rf8 28. Qe5 Qa7 $6 {My opponent had to continue because we had big advantages
on the two remaining boards, so he took the risk...} 29. Kxa2 Nc3+ 30. Kb3 Nxd1
{But here he offered me a draw. We were in mutual time trouble. It took me
some time to make a decision but I liked my position so I decided to play on.}
31. Nxc5 $5 dxc4+ $4 (31... Nxf2 $1 {not an easy move to find in time trouble.
I saw that I can play} 32. Qxe6+ (32. cxd5 exd5 33. Qxd5+ Kh8) 32... Kh8 33.
Qxd5 {but forgot that Black can play} Ne4 $1 {and the rook on g1 is hanging!} (
33... bxc4+ {is also good in fact}) 34. Qxe4 Qxc5 35. Rc1 Rc8) 32. Kc2 Nxf2 33.
Nxe6 $18 {And the game is basically over.} Rf7 34. Nxg7 Ng4 35. Ne6 $1 h5 ({
I think Ne6 was a nice trick as now} 35... Qa4+ {doesn't work for Black:} 36.
Kb1 Rf1+ 37. Rxf1 Nxe5 38. Rf8#) 36. Qg5+ Kh7 37. Qxh5+ {An entertaining game
which helped my team to finish in the Top-10!} 1-0